01566 a2200169 45000010006000000050017000060080041000230030015000640400040000790800117001192450031002362640080002673000019003475050988003661000018013547000024013725491620260407155824.0260407a1966 arg spa dAR-UNSa-BCEJYS aAR-UNSa-BCEJYSbspacAR-UNSa-BCEJYS a316.42xCambio social en sociedades globales. Desarrollo social. Sociología del desarrollo (Desarrollo Humano)10aEl estudio de la humanidad 1aMéxico :bUnión Tipográfica Editorial Hispano-Americana (UTEHA)c1966 a417 p.c17 cm. aI. ¿Es la ciencia social una ciencia? - II. Escalas científicas - III. Variedades de la ciencia social - IV. Dolores de crecimiento - V. Diecinueve problemas - VI. En busca de aviadores - VII. El concepto de cultura - VIII. El mundo de George Adams - IX. Valores comunes de la humanidad - X. El abismo cultural - XI. Revuelta en el desierto - XII. Los científicos estudian la raza - XIII. Leyes del cambio social - XIV. En lo más recóndito de Middletown - XV. Forma de tratar a los hombres - XVI. Causa y remedio de las huelgas - XVII. La ciencia de las encuestas - XVIII. Etapas del sondeo de la opinión - XIX. ¿Es la economía una ciencia? - XX. Algunos instrumentos económicos - XXI. Dimensiones nuevas - XXII. Reformando a los reformadores - XXIII. El comportamiento de los grupos - XXIV. Notas sobre el comportamiento político - XXV. Cómo aprendemos - XXVI. Las ciencias de la comunicación - XXVII. En el mismo planeta - XXVIII. Hacia una ciencia del hombre1 aChase, Stuart1 aMateo, Andrés Ma.